Movies Quiz

Random Movies Quiz

Megamind characters Quiz Stats

 Plays Quiz not verified by Sporcle

Support Sporcle.
Go Orange.
Score 0/15 Timer 10:00
0 Plays Today
% Correct
Megamind
98.6%
Metro Man
87.2%
Minion
85.6%
Hal
78%
Roxanne
74.5%
Bernard
67%
Titan
61.9%
Baby Megamind
41.5%
% Correct
Baby Metro Man
36.2%
Baby Minion
35.6%
Hot Flash
3%
Psycho Deli
2.7%
Robo workers
2.5%
Destruction worker
2.3%
Blue Thighten
0.9%

You're not logged in!

Compare scores with friends on all Sporcle quizzes.
OR
Log In
Remove Ads.
Support Sporcle.
Get the best of Sporcle when you Go Orange. This ad-free experience offers more features, more stats, and more fun while also helping to support Sporcle. Thank you for becoming a member.

Show Comments

Extras

Created Feb 27, 2011ReportNominate
Tags:Character

Top Quizzes Today


Score Distribution

Your Account Isn't Verified!

In order to create a playlist on Sporcle, you need to verify the email address you used during registration. Go to your Sporcle Settings to finish the process.

Report this User

Report this user for behavior that violates our Community Guidelines.

Details: